00737pam a2200241 a 4500001001000000003000400010005001700014008004100031015000800072020001800080040002100098042001600119082002200135100002800157245004200185260004700227300002900274490003000303500002200333504005100355600006200406650002700468015396918OSt20150408113952.0111203s2010 enka | b 001 0 eng d 2bnb a9780199580347 aStDuBDSbengcMU aukblcatcopy04a823.912 N R C2221 aNiland, Richard,d1978-10aConrad and history /cRichard Niland. aOxford :bOxford University Press,cc2010. a225 p. :bill. ;c22 cm.0 aOxford English monographs aFormerly CIP.5Uk aIncludes bibliographical references and index.10aConrad, Joseph,d1857-1924xCriticism and interpretation. 0aHistory in literature.